Indian Accounting Standards (Record no. 10784)
[ view plain ]
| 000 -LEADER | |
|---|---|
| fixed length control field | 00368nam a2200145Ia 4500 |
| 008 - FIXED-LENGTH DATA ELEMENTS--GENERAL INFORMATION | |
| fixed length control field | 191201s2011 xx 000 0 und d |
| 082 ## - DEWEY DECIMAL CLASSIFICATION NUMBER | |
| Classification number | 657 |
| Item number | JAI |
| 100 ## - MAIN ENTRY--PERSONAL NAME | |
| Personal name | JAIN, S.P. |
| 245 #0 - TITLE STATEMENT | |
| Title | Indian Accounting Standards |
| 260 ## - PUBLICATION, DISTRIBUTION, ETC. (IMPRINT) | |
| Place of publication, distribution, etc | New Delhi |
| Name of publisher, distributor, etc | Kalyani Pub. |
| Date of publication, distribution, etc | 2018 |
| 300 ## - PHYSICAL DESCRIPTION | |
| Extent | Misc |
| 650 ## - SUBJECT ADDED ENTRY--TOPICAL TERM | |
| Topical term or geographic name as entry element | B Com |
| 700 ## - ADDED ENTRY--PERSONAL NAME | |
| Personal name | AGRAWAL, Simmi and JAIN, Hitesh |
| 942 ## - ADDED ENTRY ELEMENTS (KOHA) | |
| Source of classification or shelving scheme | Dewey Decimal Classification |
| Koha item type | Text Books |
| 942 ## - ADDED ENTRY ELEMENTS (KOHA) | |
| -- | 1 |
| Withdrawn status | Lost status | Source of classification or shelving scheme | Damaged status | Not for loan | Collection code | Home library | Current library | Date acquired | Source of acquisition | Currency | Cost, normal purchase price | Bill Number | Total Checkouts | Full call number | Acc. no. / Barcode | Date last seen | Actual Cost, discounted price | Bill Date | Koha item type | Date last borrowed |
|---|---|---|---|---|---|---|---|---|---|---|---|---|---|---|---|---|---|---|---|---|
| Dewey Decimal Classification | B.Com | PIET NCR College Library | PIET NCR College Library | 15/07/2021 | Kirti Prakashan | IN Rupees | 195.00 | IN2261 | 657 JAI | N1373 | 04/08/2021 | 156.00 | 15/07/2021 | Reference Books | ||||||
| Dewey Decimal Classification | B.Com | PIET NCR College Library | PIET NCR College Library | 15/07/2021 | Kirti Prakashan | IN Rupees | 195.00 | IN2261 | 657 JAI | N1374 | 04/08/2021 | 156.00 | 15/07/2021 | Text Books | ||||||
| Dewey Decimal Classification | B.Com | PIET NCR College Library | PIET NCR College Library | 15/07/2021 | Kirti Prakashan | IN Rupees | 195.00 | IN2261 | 657 JAI | N1375 | 04/08/2021 | 156.00 | 15/07/2021 | Text Books | ||||||
| Dewey Decimal Classification | B.Com | PIET NCR College Library | PIET NCR College Library | 15/07/2021 | Kirti Prakashan | IN Rupees | 195.00 | IN2261 | 657 JAI | N1376 | 04/08/2021 | 156.00 | 15/07/2021 | Text Books | ||||||
| Dewey Decimal Classification | B.Com | PIET NCR College Library | PIET NCR College Library | 15/07/2021 | Kirti Prakashan | IN Rupees | 195.00 | IN2261 | 1 | 657 JAI | N1377 | 30/05/2023 | 156.00 | 15/07/2021 | Text Books | 01/12/2022 |